000 01401nam a2200349 c 4500
003 BLK
005 20241211114507.0
008 180411b bul|||||r ||||||| ||bul||
010 _aKNG00187238000
020 _a978-619-150-134-2
_bиздат.: Колибри
040 _aBLK
041 _aBUL
_cBUL
072 7 _2bullib
_aН83
_xЧужда художествена литература Н
080 _aФренска литература
_b821.133.1
_x-31
_z821.133.1-31
100 1 _aУелбек, Мишел
_eпърви автор
_9132306
700 1 _aКавалджиев, Красимир Стефанов
_eпрев. от фр.
_9370150
139 _aУелбек, Мишел
_bУ 29
245 1 0 _aПо-широко поле за борбата
_bРоман
_cМишел Уелбек; прев. от фр. Красимир Стефанов Кавалджиев.
257 _aFRA
260 София
_bКолибри
_c2013
_fСофия : Инвестпрес
300 _a127 с.
_c20 см
380 _aX
500 _aОриг. загл. Extension du domaine de la lutte / Michel Houellenbecq.
653 _aромани
659 _aН
852 _aЦб 280054
856 4 _qpdf
_u
856 4 _qpdf
_u
942 _cKNG
_n0
_010
944 _aCR
_c29.03.2016
_lЦветомила Тодорова
_k30576
944 _aED
_c18.11.2016
_lф /
_kПенка_Димитрова
999 _c178507
_d178507